| 000 | 01429nam a2200265 a 4500 | ||
|---|---|---|---|
| 001 | ASIN1851687033 | ||
| 005 | 20170105102928.0 | ||
| 008 | 131213s2010 xxu eng d | ||
| 020 |
_a1851687033 (paperback) _c$14.95 |
||
| 020 | _a9781851687039 (paperback) | ||
| 040 | _a0 | ||
| 050 | 0 | 4 | _aPN4731 |
| 082 | 0 | 4 |
_a070.4 _bNIB 2011 |
| 100 | 1 | _aNiblock, Sarah. | |
| 245 | 1 | 0 |
_aJournalism : _ba beginner's guide / _cSarah Niblock. |
| 250 | _a1st ed. | ||
| 260 |
_a[S.l.] : _bOneworld Publications, _c2010. |
||
| 300 |
_a168 p. ; _c20 cm. |
||
| 490 | 1 | _aBeginner's guides. | |
| 520 | _aJournalism today is moving faster than ever before. With web 2.0, blogging, huge media conglomerates, 24-hours news networks, and tight legal frameworks, what is the purpose of journalism in the digital age? With priorities shifting, do journalists still strive for truth or are they solely concerned with "infotainment" -- driven by sales and ratings? This captivating guide explains the history of journalism, its everyday workings, and the ethical dilemmas that modern journalists face. Sarah Niblock is Head of Journalism at Brunel University, UK. As a journalist, she has written for the Independent, the Guardian, the Telegraph, and Cosmopolitan Magazine. | ||
| 650 | 0 | _aJournalism | |
| 830 | 0 | _aBeginner's guides. | |
| 856 | 4 | 0 |
_3Amazon.com _uhttp://www.amazon.com/exec/obidos/ASIN/1851687033/chopaconline-20 |
| 942 |
_2ddc _cBK |
||
| 999 |
_c15903 _d15903 |
||